[Event "Rapidplay"]
[Site "Villarrobledo ESP"]
[Date "2001.08.18"]
[Round "1"]
[White "Garcia,Jo"]
[Black "Shirov,A"]
[Result "0-1"]
[WhiteElo "2062"]
[BlackElo "2706"]

1.e4 e6 2.Nc3 d5 3.exd5 exd5 4.d4 Nf6 5.Bg5 Be7 6.Bd3 O-O 7.h4 Nc6 8.Nge2 Nb4
9.a3 Nxd3+ 10.Qxd3 a5 11.Kf1 b5 12.Qxb5 Ba6 13.Qc6 Bc4 14.b3 Ra6 15.Qb7 Rb6
16.Qa7 Bxe2+ 17.Nxe2 Ne4 18.Bxe7 Qxe7 19.Qxa5 Nxf2 20.Kxf2 Rf6+ 21.Kg1 Qxe2  0-1

[Event "Rapidplay"]
[Site "Villarrobledo ESP"]
[Date "2001.08.18"]
[Round "5"]
[White "Franco Ocampos,Z"]
[Black "Shirov,A"]
[Result "0-1"]
[WhiteElo "2515"]
[BlackElo "2706"]

1.c4 e5 2.g3 g6 3.Bg2 Bg7 4.Nc3 d6 5.e4 h5 6.h4 Nc6 7.Nge2 Bg4 8.f3 Be6 9.d3 f5
10.Nd5 Qd7 11.Bg5 Nd8 12.Qd2 Nf7 13.O-O-O Nxg5 14.hxg5 c6 15.Ne3 Ne7 16.Kb1 O-O-O
17.d4 exd4 18.Nxd4 Kb8 19.Nxe6 Qxe6 20.Bh3 h4 21.exf5 gxf5 22.g4 fxg4 23.Bxg4 Qg6+
24.Nc2 Qf7 25.Ne3 Be5 26.Ng2 h3 27.Bxh3 Bg7 28.Bg4  0-1

[Event "IFA Galaxis Blitz"]
[Site "Berlin GER"]
[Date "2001.08.31"]
[Round "1"]
[White "Thiruchelvam,M"]
[Black "Shirov,A"]
[Result "0-1"]
[WhiteElo "2240"]
[BlackElo "2706"]

1.e4 c5 2.Nf3 d6 3.d4 cxd4 4.Qxd4 Nc6 5.Bb5 Bd7 6.Bxc6 Bxc6 7.Nc3 Nf6 8.Bg5 e6
9.O-O-O Be7 10.Qd3 Qa5 11.h4 Qa6 12.Qxa6 bxa6 13.Bxf6 gxf6 14.Nd4 Bb7 15.Nb3 Rc8
16.f4 Rg8 17.Rd2 Rg4 18.Rf2 f5 19.exf5 Bxh4 20.Re2 Kd7 21.fxe6+ fxe6 22.Rh3 Rxf4
23.g3 Rf1+ 24.Kd2 Bg5+  0-1

[Event "IFA Galaxis Blitz"]
[Site "Berlin GER"]
[Date "2001.08.31"]
[Round "2"]
[White "Thiruchelvam,M"]
[Black "Shirov,A"]
[Result "1/2-1/2"]
[WhiteElo "2240"]
[BlackElo "2706"]

1.e4 c5 2.Nf3 d6 3.d4 cxd4 4.Qxd4 Nf6 5.Nc3 Nc6 6.Bb5 Bd7 7.Bxc6 Bxc6 8.Bg5 e6
9.O-O-O Be7 10.Qd3 O-O 11.Nd4 Rc8 12.f4 Qb6 13.f5 e5 14.Bxf6 Bxf6 15.Nxc6 bxc6
16.Qxd6 Rfd8 17.Qa3 Rd4 18.Rhe1 Rcd8 19.Rxd4 exd4 20.Na4 Qa5 21.b4 Qe5 22.Nc5 Qxh2
23.Qxa7 Qxg2 24.Nd3 h5 25.Qc7 h4 26.e5 Bg5+ 27.Kb2 h3 28.e6 fxe6 29.fxe6 Rf8
30.e7 Re8 31.Qd7 Rxe7 32.Rxe7 Bxe7 33.Qxe7 h2 34.Qe8+ Kh7 35.Qh5+ Kg8 36.Qe8+ Kh7
37.Qh5+ Kg8 38.Qe8+  1/2-1/2

[Event "Keres Mem Rapid"]
[Site "Tallinn EST"]
[Date "2004.01.04"]
[Round "4"]
[White "Shirov,A"]
[Black "Sulskis,S"]
[Result "1-0"]
[WhiteElo "2736"]
[BlackElo "2582"]

1.e4 e5 2.Nf3 Nc6 3.Bb5 d6 4.d4 exd4 5.Nxd4 Bd7 6.Nc3 Nxd4 7.Bxd7+ Qxd7 8.Qxd4 Ne7
9.O-O Nc6 10.Qe3 g6 11.Nd5 Bg7 12.Qb3 O-O-O 13.Bg5 Rdf8 14.Rad1 f5 15.exf5 Rxf5
16.Be3 Re8 17.c4 Re4 18.Qd3 Rg4 19.f4 Rf8 20.Rfe1 Qf5 21.Qd2 Rh4 22.b4  1-0

[Event "TCh-FRA Nat1 GpB"]
[Site "Cannes FRA"]
[Date "2004.01.30"]
[Round "1"]
[White "Shirov,A"]
[Black "Dorfman,J"]
[Result "1-0"]
[WhiteElo "2736"]
[BlackElo "2608"]

1.e4 e5 2.Nf3 Nc6 3.Bb5 a6 4.Ba4 Nf6 5.O-O Be7 6.Re1 b5 7.Bb3 d6 8.c3 O-O
9.h3 Na5 10.Bc2 c5 11.d4 Qc7 12.Nbd2 cxd4 13.cxd4 Nc6 14.Nb3 a5 15.Be3 a4
16.Nbd2 Bd7 17.Rc1 Qb7 18.Qe2 Rfe8 19.Bd3 Rab8 20.dxe5 Nxe5 21.Nxe5 dxe5
22.Nf3 Bb4 23.Red1 Bc6 24.Bc5 Bxc5 25.Rxc5 Nd7 26.Rc3 Nf6 27.Re1 b4 28.Rc5 Nd7
29.Rc4 Nf6 30.a3 bxa3 31.bxa3 Qa8 32.Qc2 Bb5 33.Rc5 Bxd3 34.Qxd3 Rbc8 35.Rxe5 Rxe5
36.Nxe5 Re8 37.Qd4 h6 38.f4 Rd8 39.Qc4 Qa7+ 40.Kh2 Rf8 41.Nc6 Qf2 42.Rf1 Qe3
43.e5 Nd7 44.Rf3  1-0

[Event "Gibraltar Masters"]
[Site "Caleta ENG"]
[Date "2005.01.26"]
[Round "2"]
[White "Cazelais,M"]
[Black "Shirov,A"]
[Result "0-1"]
[WhiteElo "2201"]
[BlackElo "2713"]

1.e4 c5 2.c3 e6 3.d4 d5 4.exd5 exd5 5.Nf3 Nc6 6.Bb5 Bd6 7.dxc5 Bxc5 8.O-O Ne7
9.Nbd2 Bg4 10.Qa4 Bh5 11.Qh4 Bg6 12.Re1 O-O 13.Nb3 Bb6 14.Nfd4 Nxd4 15.Nxd4 Bxd4
16.Qxd4 Nf5 17.Qd1 d4 18.cxd4 Nxd4 19.Ba4 Qb6 20.Be3 Rfd8 21.Bb3 Qb4 22.Bxd4 Rxd4
23.Qf3 Rf4 24.Qg3 Rd4 25.Qf3 Rd3 26.Re3 Rxe3 27.Qxe3 a5 28.a3 Qb5 29.Qc3 Rd8
30.Rd1 Rxd1+ 31.Bxd1 h6 32.h3 b6 33.Bf3 Qd7 34.b4 axb4 35.Qxb4 Qc7 36.Kh1 Bf5
37.Kg1 Be6 38.Qd2 Kf8 39.Qb2 f6 40.Kf1 Ke7 41.Qb4+ Kf7 42.Qb2 Qc5 43.Be2 Bd5
44.g3 Ke7 45.Qb4 Qxb4 46.axb4 Kd6 47.Ke1 Ke5 48.Kd2 Kd4 49.h4 Bb7 50.Bf1 Bf3
51.Ba6 g5 52.Bb5 Bd5 53.Ba6 Bc4 54.Bc8 Bb5 55.hxg5 hxg5 56.Be6 Bc6 57.Bb3 Bd5
58.Bxd5 Kxd5 59.Kd3 g4 60.Ke3 Kc4 61.Kf4 Kxb4 62.Kxg4 Kc3 63.Kf5 b5 64.Kxf6 b4
65.f4 b3 66.g4 b2 67.g5 b1=Q 68.f5 Kd4 69.g6 Qb6+ 70.Kf7 Ke5 71.g7 Qf6+ 72.Kg8 Qxf5  0-1

[Event "ch-FRA Top 16 Poule Haute"]
[Site "Port Barcares FRA"]
[Date "2005.05.04"]
[Round "8"]
[White "Tregubov,P"]
[Black "Shirov,A"]
[Result "1/2-1/2"]
[WhiteElo "2612"]
[BlackElo "2714"]

1.d4 d5 2.c4 c6 3.Nf3 Nf6 4.e3 Bf5 5.Nc3 e6 6.Nh4 Bg6 7.Nxg6 hxg6 8.g3 Nbd7
9.Bg2 Bb4 10.Qb3 a5 11.O-O O-O 12.Ne2 dxc4 13.Qxc4 e5 14.b3 Qe7 15.Bb2 Ba3
16.Bxa3 Qxa3 17.dxe5 Nxe5 18.Qc3 Rfe8 19.Rfd1 g5 20.h3 g4 21.hxg4 Nexg4 22.Rd4 Rad8
23.Nf4 Rxd4 24.Qxd4 Ne5 25.Ne2 c5 26.Qd2 Re7 27.Qd8+ Re8 28.Qd2 Re7 29.Nf4 Qb4
30.Qb2 c4 31.Rd1 Rd7 32.Nd5 Neg4 33.Nxb4 Rxd1+ 34.Bf1 axb4 35.bxc4 Ne4 36.Kg2 Rd2
37.Qxb4 Rxf2+ 38.Kg1 Nxe3 39.Bh3 Rd2 40.Qxb7 Rd1+ 41.Kh2 Rd2+ 42.Kg1 Rd1+
43.Kh2  1/2-1/2

[Event "2nd Rapid"]
[Site "D'Ajaccio FRA"]
[Date "2005.10.26"]
[Round "2"]
[White "Shirov,A"]
[Black "Chomet,P"]
[Result "1-0"]
[WhiteElo "2710"]
[BlackElo "2330"]

1.d4 Nf6 2.c4 g6 3.Nc3 Bg7 4.e4 O-O 5.Nf3 d6 6.Be2 e5 7.O-O Nfd7 8.d5 a5
9.Rb1 Nc5 10.Be3 f5 11.Nd2 f4 12.Bxc5 dxc5 13.Bg4 Ra6 14.a3 Bxg4 15.Qxg4 h5
16.Qe2 Raf6 17.b4 axb4 18.axb4 Nd7 19.f3 R8f7 20.b5 g5 21.Ra1 Bf8 22.Ra7 Rg6
23.Rxb7 Bd6 24.Ra7 g4 25.Rfa1 Qg5 26.Ra8+ Kh7 27.Re8 Nf6 28.Re6 Nd7 29.Ra8 Nb6
30.Rae8 Rfg7 31.Rxg6 Qxg6 32.Re6 Qg5 33.Nd1 Qd8 34.Nf2 Nd7 35.fxg4 Nf8 36.gxh5 Nxe6
37.dxe6 Qf6 38.Ng4 Qxe6 39.h3 Be7 40.Nf3 Bd6 41.Qd3 Rg8 42.h6 Rd8 43.Ng5+  1-0

[Event "2nd Rapid"]
[Site "D'Ajaccio FRA"]
[Date "2005.10.26"]
[Round "6"]
[White "Shirov,A"]
[Black "Socko,B"]
[Result "1/2-1/2"]
[WhiteElo "2710"]
[BlackElo "2610"]

1.e4 e6 2.d4 d5 3.e5 c5 4.c3 Qb6 5.Nf3 Nc6 6.a3 Bd7 7.b4 cxd4 8.cxd4 Rc8
9.Bb2 Nge7 10.Nc3 Na5 11.Rc1 Nc4 12.Bxc4 dxc4 13.O-O Nd5 14.Nxd5 exd5 15.Bc3 Be7
16.Ne1 h5 17.Nc2 Ba4 18.Qe2 Bxc2 19.Qxc2 O-O 20.f4 f5 21.Qe2 g6 22.g3 Kf7
23.a4 Ke6 24.b5 Qd8 25.a5 Rh8 26.h4 Rh7 27.Rb1 Rg7 28.Kf2 Bf8 29.Qa2 Be7
30.Ke2 Bf8 31.Kd2 Rd7 32.Kc2 Be7 33.Rh1 Qf8 34.Qa4 Rdd8 35.Rh2 Rd7 36.Rhh1 Rdd8  1/2-1/2

[Event "Blitz Match"]
[Site "Prague CZE"]
[Date "2005.11.04"]
[Round "4"]
[White "Shirov,A"]
[Black "Navara,D"]
[Result "1-0"]
[WhiteElo "2710"]
[BlackElo "2646"]

1.e4 e5 2.Nf3 Nc6 3.Bb5 Nf6 4.d3 d6 5.O-O Be7 6.Nbd2 O-O 7.Re1 a6 8.Bxc6 bxc6
9.d4 exd4 10.Nxd4 Bd7 11.b3 c5 12.Ne2 Ng4 13.h3 Bf6 14.Rb1 Ne5 15.Nf4 Bc6
16.Nf1 a5 17.Nh5 Re8 18.Nxf6+ Qxf6 19.Ng3 a4 20.Bb2 axb3 21.axb3 Ra2 22.Qc1 Qg6
23.Ra1 Rxa1 24.Bxa1 h5 25.Qf4 f6 26.Nf5 d5 27.Bxe5 fxe5 28.Qh4 dxe4 29.Ne3 Qf7
30.Rd1 Kh7 31.Rd8 Re6 32.Rc8 Rd6 33.Rd8 g6 34.Qg5 Rf6 35.Qxe5  1-0

[Event "Blitz Match"]
[Site "Prague CZE"]
[Date "2005.11.04"]
[Round "5"]
[White "Navara,D"]
[Black "Shirov,A"]
[Result "0-1"]
[WhiteElo "2646"]
[BlackElo "2710"]

1.e4 c5 2.Nf3 d6 3.d4 cxd4 4.Nxd4 Nf6 5.Nc3 a6 6.Bg5 e6 7.f4 Nbd7 8.Qf3 Qc7
9.O-O-O b5 10.Bd3 Bb7 11.Rhe1 Be7 12.Qg3 b4 13.Nd5 exd5 14.exd5 Kd8 15.Nc6+ Bxc6
16.dxc6 Qxc6 17.Bxf6 Nxf6 18.Qxg7 Re8 19.Qxf7 Ra7 20.Rxe7 Raxe7 21.Qxf6 Kc7
22.Qd4 Qb6 23.Qxb6+ Kxb6 24.Kd2 Kc5 25.f5 Rg8 26.g3 h5 27.Rf1 h4 28.Rf4 hxg3
29.hxg3 d5 30.f6 Rf7 31.g4 a5 32.Ke3 Rg5 33.b3 Re5+ 34.Kf3 Kd6 35.Bg6 Rf8
36.f7 Ke7 37.Bh5 Rc8 38.Bg6 Kf8 39.Rf6 Kg7 40.Ra6 d4 41.Kf4 Re2 42.Bf5 Rf8
43.Rxa5 Rxf7 44.Rb5 Rxc2 45.Rxb4 d3 46.Rd4 d2 47.Ke3 Re7+ 48.Kf3 Rxa2 49.Be4 Rb2
50.Rd3 Rxb3  0-1

[Event "Keres Mem Rapid"]
[Site "Tallinn EST"]
[Date "2006.01.08"]
[Round "7"]
[White "Shirov,A"]
[Black "Kosyrev,V"]
[Result "0-1"]
[WhiteElo "2710"]
[BlackElo "2530"]

1.e4 e6 2.d3 d5 3.Nd2 Nf6 4.Ngf3 c5 5.g3 b6 6.Bg2 Bb7 7.O-O Be7 8.Re1 Nc6
9.c3 Qc7 10.Nf1 O-O-O 11.Qa4 h6 12.Bf4 Qd7 13.Rad1 g5 14.Bc1 Kb8 15.Qc2 Ka8
16.a3 Qc7 17.Ne3 g4 18.Nh4 dxe4 19.Nc4 b5 20.Ne3 exd3 21.Rxd3 c4 22.Rxd8+ Rxd8
23.a4 Ne5 24.axb5 Bxg2 25.Nexg2 Nd3 26.Rf1 Bc5 27.Be3 Ne4 28.Qa4 Ndxf2 29.Rxf2 Nxf2
30.Qxc4 Nd3 31.Qxg4 Bxe3+ 32.Nxe3 Nxb2 33.c4 Qc5 34.Ng2 Nd1 35.Qf3+ Kb8 36.Qf4+ e5
37.Qe4 Nxe3 38.Nxe3 f5 39.Qf3 Rd3 40.Kf2 Qd4 41.Ke2 Rd2+ 42.Ke1 Qc3  0-1

[Event "6th Amplico AIG Life"]
[Site "Warsaw POL"]
[Date "2006.12.16"]
[Round "1"]
[White "Shirov,A"]
[Black "Sobierska,W"]
[Result "1-0"]
[WhiteElo "2720"]
[BlackElo "1974"]

1.d4 d5 2.c4 e6 3.Nc3 Nf6 4.cxd5 exd5 5.Bg5 Be7 6.e3 O-O 7.Bd3 b6 8.Bxf6 Bxf6
9.Qh5 g6 10.Qxd5 c6 11.Qf3 Be6 12.Nge2 Nd7 13.Qxc6 Rc8 14.Qf3 Bg7 15.Rd1 Nf6
16.O-O Nd5 17.Rfe1 Nb4 18.Bb1 Qd7 19.h3 Nd5 20.e4 Nxc3 21.Nxc3 f5 22.d5 Bf7
23.e5 Qb7 24.e6 Be8 25.a3 Kh8 26.Ba2 Rc5 27.e7 Rf6 28.d6 Qxf3 29.gxf3  1-0

[Event "6th Amplico AIG Life"]
[Site "Warsaw POL"]
[Date "2006.12.16"]
[Round "2"]
[White "Szymanski,P1"]
[Black "Shirov,A"]
[Result "0-1"]
[WhiteElo "2232"]
[BlackElo "2720"]

1.Nf3 Nf6 2.g3 g6 3.Bg2 Bg7 4.O-O O-O 5.d3 d5 6.Nbd2 c5 7.e4 Nc6 8.Qe2 e5
9.Re1 b6 10.exd5 Nxd5 11.Nc4 Bb7 12.a4 Qc7 13.Bd2 Rfe8 14.c3 Rad8 15.Rad1 a6
16.Bc1 b5 17.axb5 axb5 18.Ne3 Nf4 19.gxf4 exf4 20.Nd5 Qc8 21.Nb6 Rxe2 22.Nxc8 Rxe1+
23.Rxe1 Rxc8 24.Bxf4 b4 25.Be3 Na5 26.cxb4 cxb4 27.Bd2 Bf8 28.Rc1 Rd8 29.Ne1 Bxg2
30.Kxg2 Nb3 31.Rd1 f5 32.Be3 Rd5 33.Nc2 Bd6 34.f4 Kf7 35.Kf3 Ke6 36.Ke2 Ra5
37.Kf3 Kd5 38.Bf2 Kc6 39.Nd4+ Nxd4+ 40.Bxd4 Kd5 41.Be3 Ra2 42.Rd2 b3 43.h4 Ba3
44.Ke2 Bxb2  0-1

[Event "6th Amplico AIG Life"]
[Site "Warsaw POL"]
[Date "2006.12.16"]
[Round "3"]
[White "Shirov,A"]
[Black "Donchenko,A"]
[Result "1-0"]
[WhiteElo "2720"]
[BlackElo "2395"]

1.e4 c6 2.d4 d5 3.e5 Bf5 4.Nc3 e6 5.g4 Bg6 6.Nge2 c5 7.h4 h5 8.Nf4 Bh7 9.g5 Ne7
10.Qxh5 cxd4 11.Nb5 g6 12.Qe2 Nf5 13.Bh3 Nc6 14.Bxf5 gxf5 15.Nh5 d3 16.Qxd3 Nxe5
17.Qe2 Nd7 18.Bf4 Qa5+ 19.c3 Rc8 20.b4 Qa4 21.Rd1 Bg6 22.Ng3 a6 23.Nd4 Kd8
24.h5 Bh7 25.g6 Bg8 26.h6 fxg6 27.Nxe6+ Bxe6 28.Qxe6 Bxb4 29.O-O Bxc3 30.Rxd5 Qc6
31.Rd6 Qa4 32.Rfd1 Rc7 33.R6d3 Qc6  1-0

[Event "6th Amplico AIG Life"]
[Site "Warsaw POL"]
[Date "2006.12.17"]
[Round "9"]
[White "Shirov,A"]
[Black "Strzemiecki,Z"]
[Result "1-0"]
[WhiteElo "2720"]
[BlackElo "2365"]

1.d4 e6 2.e4 d5 3.Nc3 Bb4 4.e5 c5 5.a3 Bxc3+ 6.bxc3 Ne7 7.Qg4 O-O 8.Bd3 Nbc6
9.Bg5 Qa5 10.Ne2 Ng6 11.O-O c4 12.Bxg6 fxg6 13.a4 Qc7 14.h4 Qf7 15.Ng3 Ne7
16.Bxe7 Qxe7 17.h5 gxh5 18.Nxh5 Bd7 19.g3 Kh8 20.Kg2 Rf5 21.Rh1 Raf8 22.Nf4 Rxf4
23.gxf4 Qf7 24.Kg3 Qf5 25.f3 h6 26.Rh5 Qxc2 27.Rah1 Kh7 28.a5 Qg6 29.Rg5 Qf7
30.Kf2 Ba4 31.f5 exf5 32.Qf4 Bd7 33.Qh4 Be6 34.f4 Rg8 35.Rh5 Qf8 36.Qg5 Bd7
37.R5h3 Be6 38.Rg3 Qf7 39.Rhg1 Qe8 40.Qh4 Qf7 41.Rg6 Qe8 42.Ke3 Qf7 43.Qh5 Qd7
44.Rh1  1-0

[Event "II Rapid"]
[Site "Canada de Calatrava ESP"]
[Date "2007.04.06"]
[Round "1"]
[White "Ventas Cosano,D"]
[Black "Shirov,A"]
[Result "0-1"]
[WhiteElo "2143"]
[BlackElo "2715"]

1.d4 Nf6 2.c4 e6 3.Nf3 b6 4.g3 Bb4+ 5.Bd2 c5 6.Bxb4 cxb4 7.Bg2 Bb7 8.O-O a5
9.a3 Na6 10.Ne5 Bxg2 11.Kxg2 O-O 12.Nd3 d5 13.c5 bxc5 14.dxc5 Ne4 15.axb4 axb4
16.c6 Qb6 17.f3 Nd6 18.Qe1 Nf5 19.Kh1 Rfb8 20.Ne5 Qc7 21.Nd3 Ne3  0-1

[Event "II Rapid"]
[Site "Canada de Calatrava ESP"]
[Date "2007.04.06"]
[Round "2"]
[White "Shirov,A"]
[Black "Valmana Canto,J"]
[Result "1-0"]
[WhiteElo "2715"]
[BlackElo "2327"]

1.e4 c5 2.Nf3 e6 3.d4 cxd4 4.Nxd4 Nf6 5.Nc3 Nc6 6.Ndb5 d6 7.Bf4 e5 8.Bg5 a6
9.Na3 b5 10.Nd5 Be7 11.Bxf6 Bxf6 12.c3 O-O 13.Nc2 Rb8 14.h4 Be7 15.Qf3 Be6
16.g4 Qd7 17.g5 f5 18.Bh3 Bxd5 19.exd5 Na5 20.Ne3 g6 21.h5 Bxg5 22.hxg6 Bxe3
23.fxe3 b4 24.e4 bxc3 25.Bxf5 cxb2 26.Rb1 Qc7 27.Rxh7 Qc1+ 28.Kf2 Rxf5 29.Qxf5 Qf4+
30.Ke2 Qxf5 31.exf5 Nc4 32.f6  1-0

[Event "II Rapid"]
[Site "Canada de Calatrava ESP"]
[Date "2007.04.07"]
[Round "6"]
[White "Cabrera,A"]
[Black "Shirov,A"]
[Result "0-1"]
[WhiteElo "2514"]
[BlackElo "2715"]

1.e4 c5 2.Nc3 Nc6 3.f4 e6 4.Nf3 d5 5.Bb5 Ne7 6.exd5 exd5 7.Qe2 g6 8.Qe5 Rg8
9.b3 Bg7 10.Qg5 h6 11.Qh4 g5 12.fxg5 hxg5 13.Qh5 Bf6 14.Ng1 g4 15.Qh6 Nf5
16.Qf4 Nd4 17.Kd1 Nxb5 18.Nxb5 Bxa1 19.c3 Be6 20.Nc7+ Kd7 21.Nxa8 Qa5 22.Ne2 Rxa8
23.Ng3 Qxa2 24.Nf5 Qxb3+ 25.Ke1 Re8 26.Qd6+ Kc8 27.Ng7 Rd8 28.Qxc5 d4  0-1

[Event "XXII Rapid"]
[Site "Villarrobledo ESP"]
[Date "2007.08.04"]
[Round "1"]
[White "Shirov,A"]
[Black "Lara Granero,B"]
[Result "1-0"]
[WhiteElo "2735"]
[BlackElo "2048"]

1.d4 Nf6 2.c4 g6 3.g3 Bg7 4.Bg2 O-O 5.Nc3 c6 6.Nf3 d5 7.cxd5 cxd5 8.Ne5 Nc6
9.Nxc6 bxc6 10.O-O Re8 11.Bf4 Nh5 12.Be3 e5 13.Rc1 Bd7 14.dxe5 Bxe5 15.Bd4 Qf6
16.Bxe5 Qxe5 17.e4 d4 18.Na4 Rad8 19.Nc5 Be6 20.f4 Qb8 21.Qd2 Qb6 22.f5 Bxa2
23.b4 d3 24.Qxa2 Qxb4 25.fxg6 hxg6 26.Qxf7+ Kh8 27.Nxd3 Qd4+ 28.Nf2 Qxe4
29.Qd5 Qd4  1-0

[Event "38th Olympiad"]
[Site "Dresden GER"]
[Date "2008.11.22"]
[Round "9"]
[White "Salem,AR"]
[Black "Shirov,A"]
[Result "0-1"]
[WhiteElo "2476"]
[BlackElo "2726"]

1.d4 Nf6 2.c4 g6 3.Nc3 d5 4.cxd5 Nxd5 5.Bd2 Bg7 6.e4 Nb6 7.Be3 O-O 8.Be2 f5
9.exf5 Bxf5 10.Qb3+ Kh8 11.Rd1 Nc6 12.d5 Ne5 13.Nf3 Nxf3+ 14.Bxf3 e6 15.O-O exd5
16.Nxd5 Be6 17.Bxb6 axb6 18.Qe3 Bxd5 19.Bxd5 Qe8 20.Qb3 c6 21.Be6 Rd8 22.Rde1 Rd2
23.Qxb6 Rxb2 24.Qc5 b6 25.Qd6 c5 26.Re4 Qd8 27.Bd7 Rxa2 28.f4 Bd4+  0-1

[Event "8th Amplico AIG Life Rapid"]
[Site "Warsaw POL"]
[Date "2008.12.20"]
[Round "1"]
[White "Shirov,A"]
[Black "Kaczmarek,P2"]
[Result "1-0"]
[WhiteElo "2726"]
[BlackElo "1870"]

1.d4 d5 2.c4 Nf6 3.cxd5 Nxd5 4.e4 Nf6 5.Nc3 e6 6.Nf3 Be7 7.Bd3 O-O 8.O-O c5
9.dxc5 Bxc5 10.e5 Nd5 11.Bxh7+ Kh8 12.Bd3 Nc6 13.Bg5 Nxc3 14.bxc3 f6 15.exf6 gxf6
16.Ne5  1-0

[Event "8th Amplico AIG Life Rapid"]
[Site "Warsaw POL"]
[Date "2008.12.20"]
[Round "2"]
[White "Warakomska,A"]
[Black "Shirov,A"]
[Result "0-1"]
[WhiteElo "2169"]
[BlackElo "2726"]

1.e4 c5 2.Nf3 Nc6 3.d4 cxd4 4.Nxd4 Nf6 5.Nc3 e5 6.Ndb5 d6 7.Bg5 a6 8.Na3 b5
9.Nd5 Be7 10.Bxf6 Bxf6 11.c3 O-O 12.Nc2 Bg5 13.h4 Bh6 14.Nce3 Ne7 15.Bd3 Be6
16.Nxe7+ Qxe7 17.Ng4 Bxg4 18.Qxg4 f5 19.exf5 e4 20.Be2 Qe5 21.O-O Rxf5 22.Rae1 Raf8
23.Bd3 d5 24.Bc2 Qf6 25.Re2 Rf4 26.Qd7 Rd8 27.Qc7 Rxh4 28.Bb3 Bf4 29.Qc5  0-1

[Event "8th Amplico AIG Life Rapid"]
[Site "Warsaw POL"]
[Date "2008.12.20"]
[Round "3"]
[White "Shirov,A"]
[Black "Janaszak,Daw"]
[Result "1-0"]
[WhiteElo "2726"]
[BlackElo "2344"]

1.d4 Nf6 2.c4 g6 3.Nc3 d5 4.cxd5 Nxd5 5.Bd2 Bg7 6.e4 Nb6 7.Be3 O-O 8.Bb5 f5
9.Nge2 fxe4 10.Nxe4 Nc6 11.h4 Bf5 12.Nc5 Nb4 13.Qb3+ N6d5 14.Rc1 c6 15.Bc4 b5
16.Qxb4 bxc4 17.Qxc4 Rb8 18.b3 Rb4 19.Qa6 e5 20.Bd2 Rb6 21.Qc4 exd4 22.Nxd4 Qe7+
23.Kf1 Bd7 24.Re1 Qf7 25.Nf3 Bf5 26.Ng5 Qf6 27.f3 Qb2 28.Re2 Bd4 29.Nge6 Bxc5
30.Nxc5 Qa1+ 31.Re1 Qxa2 32.Qd4 Qc2 33.Bh6 Nf6  1-0

[Event "8th Amplico AIG Life Rapid"]
[Site "Warsaw POL"]
[Date "2008.12.20"]
[Round "4"]
[White "Piorun,K"]
[Black "Shirov,A"]
[Result "1/2-1/2"]
[WhiteElo "2472"]
[BlackElo "2726"]

1.e4 c5 2.Nf3 d6 3.d4 cxd4 4.Nxd4 Nf6 5.Nc3 a6 6.Bg5 e6 7.f4 Nbd7 8.Qf3 Qc7
9.O-O-O b5 10.Bd3 Bb7 11.Rhe1 Qb6 12.Nd5 Qxd4 13.Bxf6 gxf6 14.Bxb5 Qc5 15.Nxf6+ Kd8
16.Nxd7 Qxb5 17.Nxf8 Rxf8 18.Qa3 Rc8 19.Qxd6+ Ke8 20.Rd2 Qc6 21.Qd4 Ke7 22.Qb4+ Kf6
23.e5+ Kg7 24.Qe7 h6 25.Re3 Kh7 26.Rc3 Qb6 27.Rxc8 Rxc8 28.Qxf7+ Kh8 29.Qf6+ Kg8
30.Qg6+ Kh8 31.Qxh6+ Kg8 32.Qg5+ Kf8 33.Qf6+ Kg8 34.b3 Be4 35.Kb2 Bf5 36.c4 Qe3
37.Qg5+ Kf8 38.Qf6+ Kg8 39.Qg5+ Kf8 40.Qf6+  1/2-1/2

[Event "8th Amplico AIG Life Rapid"]
[Site "Warsaw POL"]
[Date "2008.12.20"]
[Round "5"]
[White "Shirov,A"]
[Black "Zdebskaja,N"]
[Result "0-1"]
[WhiteElo "2726"]
[BlackElo "2419"]

1.e4 c5 2.Nf3 d6 3.d4 cxd4 4.Nxd4 Nf6 5.Nc3 a6 6.Bg5 e6 7.f4 Qc7 8.Qf3 b5
9.Bxf6 gxf6 10.O-O-O b4 11.Nce2 h5 12.Ng3 h4 13.Nh5 Nd7 14.g4 Bb7 15.Bh3 O-O-O
16.Rhe1 Kb8 17.Kb1 Be7 18.f5 e5 19.Nb3 Rc8 20.Rc1 a5 21.c3 Qb6 22.c4 a4 23.Nd2 a3
24.b3 Qd4 25.Rc2 Nc5 26.Bg2 Nd3 27.Re3 Nb2 28.Qe2 Rhd8 29.Nf3 Qc5 30.Ne1 Nd1
31.Rh3 Nc3+ 32.Rcxc3 bxc3 33.Rxc3 d5 34.exd5 Bxd5 35.Bxd5 Rxd5 36.Nd3 Qd4
37.Kc2 Rd7 38.g5 e4 39.Nf2 Bb4 40.Nxe4 Re7 41.Nhxf6 Bxc3  0-1

[Event "8th Amplico AIG Life Rapid"]
[Site "Warsaw POL"]
[Date "2008.12.20"]
[Round "6"]
[White "Daulyte,D"]
[Black "Shirov,A"]
[Result "0-1"]
[WhiteElo "2278"]
[BlackElo "2726"]

1.e4 c5 2.Nf3 d6 3.d4 cxd4 4.Nxd4 Nf6 5.Nc3 a6 6.Bg5 e6 7.f4 Nbd7 8.Qe2 Qc7
9.O-O-O b5 10.a3 Bb7 11.g4 Be7 12.Bg2 Qc4 13.Qd2 O-O 14.e5 Bxg2 15.exf6 gxf6
16.Qxg2 fxg5 17.f5 Bf6 18.Qf2 b4 19.axb4 Qxb4 20.Ne4 Rab8 21.Nxf6+ Nxf6 22.Nb3 Nxg4
23.Qg3 Rfc8 24.fxe6 Qxb3 25.exf7+ Kxf7 26.Rhf1+ Kg7 27.Qxb3 Rxb3 28.Rxd6 Ne3
29.Rf2 Rb7 30.Rxa6 Rbc7 31.c3 Rd7 32.Kb1 Rc4 33.Re6 Nd5 34.Rf5 h6 35.Rf1 Rh4
36.Rf2 Nf4 37.Rb6 Rh3 38.c4 Rc7 39.Rc2 Re3 40.b4 Nd3 41.c5 Re4 42.b5 Rb4+
43.Ka2 Nxc5 44.Ka3 Ra4+ 45.Kb2 Nd3+  0-1

[Event "8th Amplico AIG Life Rapid"]
[Site "Warsaw POL"]
[Date "2008.12.21"]
[Round "9"]
[White "Mista,A"]
[Black "Shirov,A"]
[Result "1-0"]
[WhiteElo "2559"]
[BlackElo "2726"]

1.e4 c5 2.Nf3 Nc6 3.d4 cxd4 4.Nxd4 Nf6 5.Nc3 e5 6.Ndb5 d6 7.Bg5 a6 8.Na3 b5
9.Nd5 Be7 10.Bxf6 Bxf6 11.c3 O-O 12.Nc2 Bg5 13.a4 bxa4 14.Rxa4 a5 15.Bc4 Rb8
16.b3 Kh8 17.Nce3 g6 18.h4 Bxh4 19.g3 Bg5 20.f4 exf4 21.gxf4 Bh4+ 22.Kd2 Ne7
23.Kc1 Nxd5 24.Nxd5 Be6 25.Ra2 Bxd5 26.Qxd5 Qf6 27.Qd4 Qxd4 28.cxd4 Bd8 29.Rah2 h5
30.f5 Bf6 31.Rg2 Kg7 32.fxg6 fxg6 33.Rxh5 Bxd4 34.Rxa5 Rb7 35.Kc2 Be5 36.Kd3 Kh6
37.Raa2 g5 38.Rg1 Kg6 39.Rag2 Bf4 40.Rh1 Ra7 41.Be6 Kf6 42.Bf5 Ke5 43.Rh6 Re8
44.Rc2 Rb7 45.Rc8 Ree7 46.Kc4 Be3 47.b4 Kf4 48.Rf8 Ke5 49.Kd3 Bf4 50.Bg4  1-0

[Event "8th Amplico AIG Life Rapid"]
[Site "Warsaw POL"]
[Date "2008.12.21"]
[Round "10"]
[White "Czerwonski,A"]
[Black "Shirov,A"]
[Result "1/2-1/2"]
[WhiteElo "2391"]
[BlackElo "2726"]

1.d4 d5 2.c4 e6 3.Nf3 Nf6 4.Bg5 h6 5.Bxf6 Qxf6 6.Nc3 Bb4 7.e3 O-O 8.a3 Bxc3+
9.bxc3 c5 10.Be2 dxc4 11.Bxc4 Nc6 12.O-O e5 13.Nxe5 Nxe5 14.dxe5 Qxe5 15.Qd5 Qc7
16.Qh5 Bd7 17.Rfd1 Ba4 18.Rd5 b6 19.Qg4 b5 20.Rd7 Qe5 21.Rxf7 Kh8 22.Bd3 Qxc3
23.Rf1 Rxf7 24.Qe4 g6 25.Qxa8+ Kg7 26.Be4 h5 27.Qc6 Rf6 28.Qb7+ Kh6 29.Qxa7 Qe5
30.Qa8 Kg7 31.Qb7+ Rf7 32.Qc6 Rf6 33.Qb7+ Rf7 34.Qc6 Rf6 35.Qb7+ Rf7  1/2-1/2

[Event "8th Amplico AIG Life Rapid"]
[Site "Warsaw POL"]
[Date "2008.12.21"]
[Round "11"]
[White "Shirov,A"]
[Black "Schwarz,Du"]
[Result "1-0"]
[WhiteElo "2726"]
[BlackElo "2338"]

1.d4 d5 2.c4 c6 3.Nf3 Nf6 4.e3 e6 5.Nbd2 c5 6.dxc5 Bxc5 7.a3 O-O 8.b4 Be7
9.Bb2 b6 10.Bd3 Bb7 11.O-O Nbd7 12.Rc1 h6 13.cxd5 Nxd5 14.Bb1 Rc8 15.Qa4 a6
16.Rxc8 Qxc8 17.Rc1 Qd8 18.Qc2 g6 19.Nd4 Qa8 20.Nc4 Rc8 21.Qd3 b5 22.Na5 Rxc1+
23.Bxc1 N7f6 24.Nxe6 Nxb4 25.axb4 Be4 26.Qb3 Bd5 27.Nc7 Bxb3 28.Nxa8 Be6
29.Nc7 Bxb4 30.Nxe6 fxe6 31.Nc6 Bc3 32.Kf1 a5 33.Bd3 b4 34.Nxa5  1-0

[Event "8th Amplico AIG Life Rapid"]
[Site "Warsaw POL"]
[Date "2008.12.21"]
[Round "13"]
[White "Shirov,A"]
[Black "Sumets,A"]
[Result "1-0"]
[WhiteElo "2726"]
[BlackElo "2545"]

1.e4 e6 2.d4 d5 3.Nc3 dxe4 4.Nxe4 Nd7 5.Nf3 Ngf6 6.Nxf6+ Nxf6 7.g3 b6 8.Bb5+ Bd7
9.Qe2 Bxb5 10.Qxb5+ Qd7 11.Qe2 Be7 12.O-O O-O 13.c4 c5 14.Rd1 Qb7 15.Be3 cxd4
16.Bxd4 Rfd8 17.Rd3 Rac8 18.Rad1 Ne4 19.b3 h6 20.Re3 Ng5 21.Nxg5 Bxg5 22.Red3 Qe7
23.Qb2 Qf8 24.h4 Be7 25.Qe2 Bc5 26.Bxc5 bxc5 27.Rd7 a5 28.Qf3 Rxd7 29.Rxd7 a4
30.bxa4 Qe8 31.Qd3 e5 32.a5 e4 33.Qd2 e3 34.fxe3 Qe5 35.Kh2 Rc6 36.Qd5 Qb2+
37.Kh3 Rf6 38.Rd8+ Kh7 39.Qe4+  1-0

[Event "World Open"]
[Site "Leon ESP"]
[Date "2008.12.26"]
[Round "2"]
[White "Casares Cabanas,C"]
[Black "Shirov,A"]
[Result "0-1"]
[WhiteElo "2188"]
[BlackElo "2726"]

1.e4 c5 2.Nf3 d6 3.d4 cxd4 4.Nxd4 Nf6 5.Nc3 a6 6.Bc4 b5 7.Bb3 e6 8.Be3 Be7
9.f4 b4 10.Na4 Bb7 11.O-O Bxe4 12.f5 e5 13.Nf3 O-O 14.Ng5 Bc6 15.Nb6 Nbd7
16.Nxa8 Qxa8 17.Rf2 d5 18.c3 bxc3 19.bxc3 h6 20.Nh3 Ne4 21.Rf3 Nxc3 22.Qe1 Ne4
23.Nf2 d4 24.Bc1 Bh4 25.g3 Nec5  0-1

[Event "World Open"]
[Site "Leon ESP"]
[Date "2008.12.27"]
[Round "6"]
[White "Escobar Forero,A"]
[Black "Shirov,A"]
[Result "0-1"]
[WhiteElo "2482"]
[BlackElo "2726"]

1.e4 c5 2.Nf3 d6 3.d4 cxd4 4.Nxd4 Nf6 5.Nc3 a6 6.f4 Nbd7 7.Bd3 g6 8.Nf3 Bg7
9.O-O O-O 10.Qe1 b5 11.a3 Bb7 12.Bd2 Nc5 13.Kh1 Rc8 14.Rc1 Qd7 15.b4 Nxd3
16.cxd3 Rc7 17.Ne2 Rfc8 18.Ned4 Rxc1 19.Bxc1 Nh5 20.f5 e5 21.fxe6 fxe6 22.Qd1 e5
23.Qb3+ d5 24.Ne2 Kh8 25.Bb2 Re8 26.Nc3 Nf4 27.Nxd5 Nxd5 28.exd5 Bxd5 29.Qc2 Kg8
30.Ng5 Qg4 31.Ne4 Rc8 32.Nc5 a5 33.Qd2 Bh6 34.Qc2 axb4 35.axb4 Qxb4  0-1